[Event "MAS-ch Challengers"]
[Site "Pontian"]
[Date "2024.04.22"]
[Round "2"]
[White "Beh, Yap Long Roger"]
[Black "Lim, Zen Hong"]
[Result "0-1"]
[WhiteElo "1529"]
[BlackElo "1692"]
[PlyCount "108"]
[EventDate "2024.04.21"]
[EventType "swiss"]
[EventRounds "9"]
[EventCountry "MAS"]
[SourceTitle "EXT 2025"]
[Source "ChessBase"]
[SourceDate "2024.10.14"]
[SourceVersion "1"]
[SourceVersionDate "2024.10.14"]
[SourceQuality "1"]

1. e4 e5 2. Nf3 Nc6 3. Bc4 Nf6 4. d4 exd4 5. 0-0 d6 6. Nxd4 Ne5 7. Bb3 Be7 8. h3 Bd7 9. f4 Nc6 10. Nc3 Na5 11. e5 c5 12. exf6 Bxf6 13. Ndb5 0-0 14. Nxd6 Bd4+ 15. Kh1 Bc6 16. Nxf7 Qh4 17. Ne5+ Nxb3 18. Nxc6 Nxa1 19. Nxd4 cxd4 20. Qxd4 Nxc2 21. Qc4+ Kh8 22. Qa4 Ne1 23. Bd2 Nd3 24. Qb5 Rad8 25. Be3 Rfe8 26. Nd5 Qh5 27. Qxd3 Rxd5 28. Qc3 Qe2 29. Re1 Qd3 30. Bd4 Rxe1+ 31. Qxe1 Rd8 32. Bc3 Qc4 33. Qe5 Qf7 34. Kh2 Kg8 35. Qg5 Rf8 36. Be5 h6 37. Qg3 Qd7 38. a3 a6 39. b4 Rf7 40. Qc3 Qc6 41. Qxc6 bxc6 42. Bd6 Rd7 43. Bc5 Rd5 44. a4 a5 45. Kg3 axb4 46. Bxb4 Rd4 47. Bc5 Rxa4 48. Kf3 Kf7 49. Ke3 g6 50. h4 h5 51. g3 Ke6 52. Bd4 Kd5 53. Be5 Ra3+ 54. Kf2 Ke4 0-1

[Event "Penang op-B 15th"]
[Site "Penang"]
[Date "2023.12.18"]
[Round "1"]
[White "Xiao, Ruhan"]
[Black "Beh, Yap Long Roger"]
[Result "1-0"]
[WhiteElo "1721"]
[BlackElo "1147"]
[PlyCount "81"]
[EventDate "2023.12.18"]
[EventType "swiss"]
[EventRounds "9"]
[EventCountry "MAS"]
[SourceTitle "EXT 2025"]
[Source "ChessBase"]
[SourceDate "2024.10.14"]
[SourceVersion "1"]
[SourceVersionDate "2024.10.14"]
[SourceQuality "1"]

1. e4 e6 2. d4 d5 3. Nd2 c5 4. c3 Nf6 5. e5 Nfd7 6. Bd3 Nc6 7. Ne2 Qa5 8. 0-0 g5 9. h3 h5 10. Nf3 g4 11. hxg4 hxg4 12. Nh2 Qd8 13. Bf4 Be7 14. Nxg4 Bg5 15. Qd2 Bxf4 16. Qxf4 Qh4 17. Qh2 Qxh2+ 18. Nxh2 cxd4 19. cxd4 Ke7 20. Nf3 b6 21. Bb5 Bb7 22. g3 a6 23. Bxc6 Bxc6 24. Nc3 Nc5 25. Nh4 Rag8 26. Kh2 Nd3 27. b3 Nf4 28. Rg1 Nh5 29. Kh3 f6 30. f4 fxe5 31. fxe5 Rg5 32. Raf1 Rhg8 33. g4 Ng7 34. Rf6 Nf5 35. Nxf5+ exf5 36. Rxc6 Rh8+ 37. Kg2 Rxg4+ 38. Kf1 Rh3 39. Nxd5+ Kd8 40. Rxg4 fxg4 41. Rg6 1-0